000 00310nam a2200109Ia 4500
008 180116s9999 xx 000 0 und d
020 _a9781305093089
245 _cJahangir Moini
_aThe Pharmacy Technician: A comprehensive approach
250 _a3rd ed
260 _bCengage Learning
_c2016
300 _a926 pages
999 _c353264
_d353264